000 00308nam a2200121Ia 4500
008 180117s9999 xx 000 0 und d
100 _aby Mary Angela Varlongay
245 _aMap of The Philippines
260 _c2017
300 _a14-16 pages, 2017 May 21
440 _aPhilippine Panorama
650 _aMAP
999 _c353498
_d353498